Microneedle-mediated transdermal and intradermal drug delivery (Record no. 52802)
[ view plain ]
| 000 -LEADER | |
|---|---|
| fixed length control field | 01643nam a2200337 a 4500 |
| 082 04 - DEWEY DECIMAL CLASSIFICATION NUMBER | |
| Classification number | 615.1/9 |
| 245 00 - TITLE STATEMENT | |
| Title | Microneedle-mediated transdermal and intradermal drug delivery |
| 260 ## - PUBLICATION, DISTRIBUTION, ETC. (IMPRINT) | |
| Place of publication | Chichester, West Sussex : |
| Name of publisher | Wiley-Blackwell, |
| Year of publication | 2012. |
| 300 ## - PHYSICAL DESCRIPTION | |
| Number of Pages | xiv, 196 p. : |
| Other physical details | ill. |
| 505 0# - FORMATTED CONTENTS NOTE | |
| Formatted contents note | Transdermal drug delivery -- Microneedles : design, microfabrication and optimization -- Microneedle applicator designs for transdermal drug delivery applications -- Transdermal delivery applications -- Microneedle-mediated intradermal delivery -- Clinical application and safety studies of microneedles -- Microneedles : current status and future perspectives. |
| 650 #0 - SUBJECT ADDED ENTRY--TOPICAL TERM | |
| Topical Term | Microinjections. |
| Topical Term | Transdermal medication. |
| Topical Term | Drug delivery systems. |
| 700 1# - ADDED ENTRY--PERSONAL NAME | |
| Personal name | Donnelly, Ryan F. |
| 856 40 - ELECTRONIC LOCATION AND ACCESS | |
| Uniform Resource Identifier | http://site.ebrary.com/lib/rucke/Doc?id=10630561 |
No items available.
